| 000 | 00885cam a22002775a 4500 | ||
|---|---|---|---|
| 001 | 016485550 | ||
| 003 | Uk | ||
| 005 | 20161102104610.0 | ||
| 008 | 130625s2014 enk 000 0 eng d | ||
| 020 | _a9781292025636 (pbk.) | ||
| 020 | _a1292025638 (pbk.) | ||
| 040 |
_aUK-WkNB _beng _cUK-WkNB _dEG-ScBUE |
||
| 082 | 0 | 4 |
_a621.3815 _222 _bBOY |
| 100 | 1 | _aBoylestad, Robert L. | |
| 245 | 1 | 0 |
_aElectronic devices and circuit theory / _cRobert L. Boylestad, Louis Nashelsky. |
| 250 | _a11th ed., Pearson new international ed. | ||
| 260 |
_aHarlow : _bPearson Education Limited, _cc.2014 |
||
| 300 |
_aii, 924 p. : _bill. ; _c28 cm |
||
| 590 | _aSameh | ||
| 650 | 7 |
_aElectronic circuits. _2BUEsh _96945 |
|
| 650 | 7 |
_aElectronic apparatus and appliances. _2BUEsh _911507 |
|
| 651 | _2BUEsh | ||
| 653 |
_bENGELC _cMarch2015 _cNovember2016 |
||
| 700 | 1 | _aNashelsky, Louis. | |
| 942 | _2ddc | ||
| 999 |
_c19035 _d19007 |
||